[Event "Europa ch 2008"]
[Site "Plovdiv BUL"]
[Date "2008.05.02"]
[Round "11.93"]
[White "Berczes, David"]
[Black "Djukic, Nikola"]
[Result "0-1"]
[WhiteElo "2453"]
[BlackElo "2543"]
[PlyCount "94"]
[EventDate "2008.04.21"]
[Source "www.chesslib.no"]
[SourceDate "2004.05.04"]

1. Nf3 Nf6 2. g3 g6 3. b3 Bg7 4. Bb2 d6 5. Bg2 e5 6. O-O O-O 7. c4 c6 8. d3 Nbd7 9. Nc3 Re8 10. b4 d5 11. cxd5 cxd5 12. Nd2 Nf8 13. e4 Be6 14. h3 Qd7 15. Kh2 Rad8 16. Nb3 b6 17. Qe2 h5 18. Rad1 d4 19. Nb1 h4 20. N1d2 Qa4 21. Nf3 hxg3+ 22. fxg3 Qxb4 23. Rc1 Bxb3 24. axb3 Qxb3 25. Rc6 Qb5 26. Qc2 Ne6 27. Nd2 Nd7 28. Rc4 Ndc5 29. h4 Qc6 30. Bh3 Qb7 31. Nf3 Rc8 32. Ba3 Rc7 33. Ng5 Nxg5 34. hxg5 Bf8 35. Qb1 Ne6 36. Rxc7 Qxc7 37. Qb5 Qd8 38. Bxf8 Nxf8 39. Qc4 Ne6 40. Rf6 Qd6 41. Qa4 Re7 42. Bxe6 Rxe6 43. Rxe6 Qxe6 44. Qxa7 Qd6 45. Qa8+ Qf8 46. Qb7 Qd8 47. Kh3 Kg7 0-1

[Event "San Martin"]
[Site "San Martin"]
[Date "1995.??.??"]
[Round "8"]
[White "Soppe, Guillermo"]
[Black "Nogueiras, Jesus"]
[Result "1/2-1/2"]
[WhiteElo "2445"]
[BlackElo "2550"]
[PlyCount "91"]
[EventDate "1995.03.??"]
[Source "ChessBase"]

1. Nf3 Nf6 2. g3 g6 3. b4 Bg7 4. Bb2 b6 5. Bg2 Bb7 6. O-O O-O 7. c4 c5 8. a3 Nc6 9. Qb3 Rb8 10. d3 d6 11. Nbd2 Qc7 12. b5 Nd8 13. a4 a5 14. bxa6 Bxa6 15. Rfb1 Nc6 16. Bc3 Bc8 17. Ne1 Bg4 18. e3 Bd7 19. Qb2 e5 20. Nc2 Be6 21. Ne4 Nxe4 22. Bxe4 Ne7 23. Na3 Rfd8 24. Bg2 d5 25. Nb5 Qd7 26. Bxe5 Bxe5 27. Qxe5 dxc4 28. dxc4 Bxc4 29. Nc3 Qe6 30. Qf4 Bd3 31. Rd1 c4 32. h4 Nc6 33. Nb5 Na5 34. Nd4 Qd6 35. Qxd6 Rxd6 36. Bf1 Bxf1 37. Kxf1 Ra8 38. Rac1 h5 39. Rc3 Kf8 40. Rb1 Rc8 41. Rb4 Ke7 42. Ke2 Rc5 43. Nb5 Rd7 44. Nd4 Rd6 45. Nb5 Rd7 46. Nd4 1/2-1/2

[Event "Moscow Open"]
[Site "Moscow RUS"]
[Date "1994.??.??"]
[Round "8"]
[White "Gorelov, Sergey G"]
[Black "Turov, Maxim"]
[Result "1/2-1/2"]
[WhiteElo "2505"]
[BlackElo "2490"]
[PlyCount "43"]
[EventDate "1994.??.??"]
[Source "www.chesslib.no"]
[SourceDate "2004.05.04"]

1. Nf3 Nf6 2. g3 g6 3. b3 Bg7 4. Bb2 O-O 5. Bg2 d5 6. c4 c5 7. cxd5 Nxd5 8. Bxg7 Kxg7 9. O-O e6 10. d4 Na6 11. Qc1 cxd4 12. Rd1 Qe7 13. Rxd4 Ndc7 14. Ne5 f6 15. Nc4 e5 16. Rd1 Rb8 17. Nc3 b6 18. Qa3 Qxa3 19. Nxa3 b5 20. Ne4 Be6 21. Rac1 Rfd8 22. Rxd8 1/2-1/2

[Event "Moscow RUS"]
[Site "?"]
[Date "2003.??.??"]
[Round "6"]
[White "Novikov Stanislav"]
[Black "Bagirov Rufat"]
[Result "0-1"]
[WhiteElo "2498"]
[BlackElo "2494"]
[PlyCount "100"]
[EventDate "2003.??.??"]
[Source "www.chesslib.no"]
[SourceDate "2004.05.04"]

1. Nf3 Nf6 2. g3 g6 3. Bg2 Bg7 4. O-O O-O 5. c4 c6 6. Qc2 d5 7. b3 a5 8. Bb2 Na6 9. d3 Bg4 10. Nbd2 Rc8 11. a3 b5 12. h3 Bxf3 13. Nxf3 Nc5 14. b4 Na6 15. Bc3 a4 16. e4 bxc4 17. dxc4 Nxe4 18. Bxg7 Kxg7 19. Qxa4 Qb6 20. c5 Qb7 21. Ne5 f6 22. Nd3 e5 23. Qc2 Ng5 24. f4 exf4 25. Nxf4 Rce8 26. Rae1 Nc7 27. h4 Nge6 28. Nxe6+ Rxe6 29. Bh3 Rxe1 30. Rxe1 Rf7 31. Qd3 Qa7 32. Qb3 Qb8 33. Kf2 Nb5 34. a4 Nc7 35. Bf1 Qa7 36. Rc1 Ne6 37. Bh3 f5 38. Re1 Rf6 39. Bf1 g5 40. hxg5 Nxg5 41. Bg2 Ne4+ 42. Kg1 Qc7 43. Qe3 Qe5 44. b5 cxb5 45. axb5 Rg6 46. Qf4 Qd4+ 47. Qe3 Qxc5 48. Qxc5 Nxc5 49. Re5 Rxg3 50. Rxd5 Na4 0-1

[Event "URS-qual U18"]
[Site "Sochi RUS"]
[Date "1990.??.??"]
[Round "?"]
[White "Frolov, Artur"]
[Black "Ulibin, Mikhail"]
[Result "1/2-1/2"]
[WhiteElo "2485"]
[BlackElo "2500"]
[PlyCount "101"]
[EventDate "1990.??.??"]
[Source "www.chesslib.no"]
[SourceDate "2004.05.04"]

1. Nf3 Nf6 2. g3 g6 3. Bg2 Bg7 4. O-O O-O 5. c4 c6 6. d4 Ne4 7. d5 Qb6 8. Nbd2 Nxd2 9. Nxd2 d6 10. Rb1 a5 11. b3 Bf5 12. e4 Bd7 13. Re1 Na6 14. Nf1 cxd5 15. exd5 Nc5 16. Bb2 Bf6 17. Bxf6 exf6 18. Ne3 Qc7 19. h4 h5 20. Rb2 Rfe8 21. Rbe2 b5 22. Qd4 Kg7 23. g4 bxc4 24. bxc4 Re5 25. f4 Rxe3 26. Rxe3 Bxg4 27. Bh3 Bxh3 28. Rxh3 Qd7 29. Rg3 Rb8 30. Rf1 Re8 31. f5 Re4 32. Qf2 Qe7 33. fxg6 fxg6 34. Qf3 Qf7 35. Qxh5 Rxc4 36. Rb1 Rb4 37. Rxb4 axb4 38. Qg4 Kh7 39. Re3 f5 40. Qxb4 Ne4 41. Qd4 Qc7 42. Re1 Qc2 43. Qa7+ Kg8 44. Qb6 Qxa2 45. Rc1 Kh7 46. Rc7+ Kh6 47. Qe3+ g5 48. hxg5+ Nxg5 49. Qf4 Qb1+ 50. Kg2 Qa2+ 51. Kg1 1/2-1/2

[Event "CCCA"]
[Site "?"]
[Date "1996.07.15"]
[Round "?"]
[White "Redolfi Rodolfo Argentino ("]
[Black "Engel Dr.Klaus Eberhard ("]
[Result "1/2-1/2"]
[WhiteElo "2515"]
[BlackElo "2465"]
[PlyCount "26"]
[EventDate "1996.??.??"]
[Source "www.chesslib.no"]
[SourceDate "2004.05.04"]

1. Nf3 Nf6 2. g3 g6 3. b4 Bg7 4. Bb2 O-O 5. Bg2 c6 6. c4 d5 7. cxd5 cxd5 8. O-O Bg4 9. h3 Bxf3 10. Bxf3 Qb6 11. Qa4 Na6 12. a3 Nc5 13. Qd1 Ncd7 1/2-1/2

[Event "BUL Team Ch"]
[Site "Bankia"]
[Date "1991.??.??"]
[Round "5"]
[White "Kolev, Atanas"]
[Black "Donchev, Dimitar I"]
[Result "1/2-1/2"]
[WhiteElo "2460"]
[BlackElo "2520"]
[PlyCount "36"]
[EventDate "1991.??.??"]
[Source "www.chesslib.no"]
[SourceDate "2004.05.04"]

1. Nf3 Nf6 2. g3 g6 3. c4 d5 4. cxd5 Nxd5 5. Qa4+ Bd7 6. Qc2 Nb6 7. d4 Bg7 8. e4 O-O 9. Be3 a5 10. h3 a4 11. Nc3 Nc6 12. Rd1 a3 13. b3 Re8 14. Qd2 e6 15. Bh6 Bxh6 16. Qxh6 f6 17. Be2 Qe7 18. O-O Nxd4 1/2-1/2

[Event "NED-chT playoff"]
[Site "Breda"]
[Date "1999.05.14"]
[Round "2"]
[White "Schebler, Gerhard"]
[Black "Reinderman, Dimitri"]
[Result "1/2-1/2"]
[WhiteElo "2439"]
[BlackElo "2541"]
[PlyCount "133"]
[EventDate "1999.05.??"]
[Source "ChessBase"]
[SourceDate "1999.07.10"]

1. Nf3 Nf6 2. g3 g6 3. b3 Bg7 4. Bb2 c5 5. Bg2 d5 6. c4 O-O 7. O-O d4 8. b4 Re8 9. bxc5 e5 10. d3 Nfd7 11. Nbd2 Nxc5 12. Ba3 Nbd7 13. Ne1 Kh8 14. Rb1 f5 15. Qc2 Qc7 16. Nb3 Ne6 17. Qd2 a5 18. Nc2 Nf6 19. e3 dxe3 20. Nxe3 a4 21. Na1 f4 22. Nd5 Nxd5 23. Bxd5 Rd8 24. Nc2 Ng5 25. f3 Rb8 26. g4 h5 27. gxh5 gxh5 28. Kh1 Bf5 29. Nb4 Bf6 30. Bb2 Rd7 31. Rbe1 Rg7 32. d4 exd4 33. Bxd4 Nh7 34. Rg1 Rf8 35. Qc3 Rxg1+ 36. Rxg1 Qe7 37. Nd3 Bxd3 38. Qxd3 Bxd4 39. Qxd4+ Qf6 40. Qxf6+ Nxf6 41. Bxb7 Rb8 42. Bc6 a3 43. Bb5 Rd8 44. h4 Rd3 45. Rg6 Ng8 46. Bc6 Ne7 47. Be4 Rd2 48. Rg2 Rd1+ 49. Kh2 Rc1 50. Rg5 Rxc4 51. Rxh5+ Kg7 52. Ra5 Nc8 53. Rd5 Rb4 54. Rd8 Nb6 55. Rd2 Nc4 56. Rd7+ Kf6 57. Kh3 Rb2 58. Rc7 Ne3 59. Rc6+ Ke7 60. Rc7+ Kd6 61. Ra7 Rxa2 62. h5 Ra1 63. Kh4 a2 64. Kg5 Rg1+ 65. Kxf4 a1=Q 66. Rxa1 Rxa1 67. Kxe3 1/2-1/2

[Event "San Martin"]
[Site "San Martin"]
[Date "1995.??.??"]
[Round "12"]
[White "Soppe, Guillermo"]
[Black "Ricardi, Pablo"]
[Result "1-0"]
[WhiteElo "2445"]
[BlackElo "2530"]
[PlyCount "91"]
[EventDate "1995.03.??"]
[Source "ChessBase"]

1. Nf3 Nf6 2. g3 g6 3. b4 Bg7 4. Bb2 O-O 5. Bg2 Na6 6. a3 c5 7. b5 Nc7 8. a4 d5 9. O-O d4 10. e3 Ng4 11. exd4 cxd4 12. d3 e5 13. c3 a6 14. cxd4 exd4 15. Na3 Nd5 16. h3 Nh6 17. bxa6 Rxa6 18. Nb5 Nc3 19. Qd2 Nxb5 20. axb5 Rxa1 21. Rxa1 Nf5 22. Ra8 Qb6 23. Qa5 Qe6 24. Ba3 Re8 25. Ng5 Qe5 26. b6 Qxa5 27. Rxa5 Bf8 28. Ne4 Kg7 29. Bb2 Re6 30. g4 Rxb6 31. Ra2 f6 32. gxf5 Bxf5 33. Bxd4 Rb1+ 34. Kh2 Bxe4 35. Bxe4 Bd6+ 36. Kg2 Rb4 37. Be3 f5 38. Bf3 Rb3 39. Ra7 f4 40. Bd4+ Kf8 41. Rxb7 Rxd3 42. Bg7+ Ke8 43. Bc6+ Kd8 44. Bf6+ Kc8 45. Rxh7 Rd2 46. Bf3 1-0

[Event "Dieren"]
[Site "?"]
[Date "2006.08.03"]
[Round "9"]
[White "Baramidze David"]
[Black "Van Delft Merijn"]
[Result "1/2-1/2"]
[WhiteElo "2591"]
[BlackElo "2382"]
[PlyCount "48"]
[EventDate "2006.??.??"]
[Source "www.chesslib.no"]
[SourceDate "2004.05.04"]

1. Nf3 Nf6 2. g3 g6 3. b3 Bg7 4. Bb2 d5 5. Bg2 c6 6. O-O O-O 7. d3 Bg4 8. h3 Bxf3 9. exf3 e6 10. Nd2 Nbd7 11. f4 Ne8 12. Bxg7 Nxg7 13. Re1 b5 14. Nf3 a5 15. a3 Qb6 16. Qd2 Rad8 17. b4 Ra8 18. Qc3 Ra6 19. Nd4 Rfa8 20. Nb3 axb4 21. axb4 Rxa1 22. Rxa1 Rxa1+ 23. Qxa1 Ne8 24. Kf1 h5 1/2-1/2

[Event "otb"]
[Site "otb"]
[Date "2007.02.09"]
[Round "6"]
[White "Mirzoev Azer"]
[Black "Movsziszian Karen"]
[Result "1/2-1/2"]
[WhiteElo "2526"]
[BlackElo "2445"]
[PlyCount "26"]
[Source "www.chesslib.no"]
[SourceDate "2004.05.04"]

1. Nf3 Nf6 2. g3 g6 3. Bg2 Bg7 4. O-O O-O 5. e3 e6 6. d4 d5 7. c3 Nc6 8. a4 a6 9. Nbd2 Rb8 10. Re1 e5 11. h3 b5 12. axb5 axb5 13. Qc2 h6 1/2-1/2

[Event "Benasque op"]
[Site "?"]
[Date "1998.??.??"]
[Round "?"]
[White "Marin Mihail"]
[Black "Al Modiahki Mohamad"]
[Result "0-1"]
[WhiteElo "2545"]
[BlackElo "2425"]
[PlyCount "40"]
[EventDate "1998.??.??"]
[Source "www.chesslib.no"]
[SourceDate "2004.05.04"]

1. Nf3 Nf6 2. g3 g6 3. b4 Bg7 4. Bb2 d5 5. Na3 c6 6. Rb1 b5 7. Bg2 O-O 8. O-O a5 9. c3 Nfd7 10. Qb3 Nb6 11. d3 e5 12. c4 dxc4 13. dxc4 axb4 14. Qxb4 Ra4 15. Qb3 bxc4 16. Qc2 Bf5 17. e4 Bxe4 18. Qxe4 c3 19. Qe3 cxb2 20. Rxb2 e4 0-1

[Event "It (open)"]
[Site "?"]
[Date "2005.02.26"]
[Round "5"]
[White "Vukic Milan"]
[Black "Cebalo Miso"]
[Result "1/2-1/2"]
[WhiteElo "2450"]
[BlackElo "2519"]
[PlyCount "20"]
[EventDate "2005.??.??"]
[Source "www.chesslib.no"]
[SourceDate "2004.05.04"]

1. Nf3 Nf6 2. g3 g6 3. b3 b5 4. Bg2 Bb7 5. Bb2 Bg7 6. O-O O-O 7. d3 c5 8. Nbd2 Nc6 9. c4 bxc4 10. Nxc4 d6 1/2-1/2

[Event "otb"]
[Site "otb"]
[Date "2007.03.25"]
[Round "1"]
[White "Ricardi Pablo"]
[Black "Lemos Damian"]
[Result "1-0"]
[WhiteElo "2527"]
[BlackElo "2439"]
[PlyCount "101"]
[Source "www.chesslib.no"]
[SourceDate "2004.05.04"]

1. Nf3 Nf6 2. g3 g6 3. b3 Bg7 4. Bb2 c6 5. c4 O-O 6. Bg2 d6 7. d4 a5 8. Nc3 Nbd7 9. O-O e5 10. Qc2 Re8 11. e4 exd4 12. Nxd4 Nc5 13. Rad1 Qc7 14. h3 Bd7 15. f4 Rad8 16. Rfe1 Bc8 17. Qf2 h5 18. Rd2 Re7 19. e5 Ne8 20. Ndb5 cxb5 21. Nd5 dxe5 22. Nxe7+ Qxe7 23. Rxd8 Qxd8 24. Qxc5 exf4 25. Qe7 Qxe7 26. Rxe7 Nd6 27. Bxg7 Kxg7 28. c5 Nf5 29. Rc7 Be6 30. gxf4 Ne3 31. Bxb7 Kf6 32. Bc8 Nd5 33. Rc6 Ne7 34. Rb6 Nxc8 35. Rxb5 a4 36. bxa4 Ke7 37. Rb7+ Kd8 38. a5 Bd5 39. a6 f6 40. h4 Ne7 41. Rb8+ Kc7 42. a7 Nf5 43. Rf8 Nxh4 44. Rf7+ Kc8 45. a4 Nf3+ 46. Kf2 Nd2 47. Ke3 Nb3 48. Rxf6 h4 49. c6 Bxc6 50. Rxc6+ Kb7 51. Rb6+ 1-0

[Event "It (Open) Calvia ESP"]
[Site "?"]
[Date "2005.10.25"]
[Round "6"]
[White "Campora Daniel Hugo"]
[Black "Teran Alvarez Ismael"]
[Result "1-0"]
[WhiteElo "2538"]
[BlackElo "2428"]
[PlyCount "56"]
[EventDate "2005.??.??"]
[Source "www.chesslib.no"]
[SourceDate "2004.05.04"]

1. Nf3 Nf6 2. g3 g6 3. b4 Bg7 4. Bb2 O-O 5. Bg2 c6 6. O-O a5 7. a3 axb4 8. axb4 Rxa1 9. Bxa1 Qb6 10. c3 Qa6 11. Bb2 d5 12. Na3 Ne4 13. Re1 Qb6 14. Rf1 c5 15. Qa1 Bg4 16. bxc5 Qxc5 17. Nb1 Nc6 18. d3 Nd6 19. Nbd2 b5 20. Rc1 Rb8 21. Nd4 Nxd4 22. cxd4 Qb4 23. Nf3 Qa4 24. Ne5 Be6 25. Nc6 Rb7 26. Qa3 Bf8 27. Nb4 Qxa3 28. Bxa3 Ra7 1-0

[Event "DDR-BUL"]
[Site "Zinnowitz"]
[Date "1982.??.??"]
[Round "4"]
[White "Tringov, Georgi P"]
[Black "Knaak, Rainer"]
[Result "0-1"]
[WhiteElo "2460"]
[BlackElo "2505"]
[PlyCount "100"]
[EventDate "1982.09.??"]
[Source "ChessBase"]

1. Nf3 Nf6 2. g3 g6 3. Bg2 Bg7 4. O-O O-O 5. d3 d6 6. e4 e5 7. c3 Nc6 8. b4 Bd7 9. Bb2 Qc8 10. Re1 Bg4 11. Nbd2 a6 12. a3 Qd7 13. d4 Nh5 14. d5 Ne7 15. c4 Bh6 16. c5 f5 17. Qb3 Nf6 18. Nxe5 dxe5 19. Nc4 fxe4 20. d6 cxd6 21. Nb6+ Be6 22. Nxd7 Bxb3 23. Nxf8 Bxf8 24. cxd6 Nc6 25. g4 h6 26. h4 Bxd6 27. g5 hxg5 28. hxg5 Nh7 29. Bc1 Bc2 30. Bxe4 Bxe4 31. Rxe4 Nd4 32. Kg2 Rc8 33. Bb2 Nxg5 34. Rg4 Nde6 35. Rc1 Rxc1 36. Bxc1 Be7 37. Rc4 Nf7 38. Rc8+ Kg7 39. Rb8 Nd6 40. Be3 Nd4 41. Bxd4 exd4 42. Kf3 Kf6 43. Ke2 g5 44. Kd3 Ke5 45. Rg8 Kd5 46. Rg7 Bf6 47. Rc7 g4 48. Rd7 Be5 49. Rd8 b5 50. Rd7 Bf4 0-1

[Event "CRO-Cup"]
[Site "?"]
[Date "1998.??.??"]
[Round "4"]
[White "Dizdar Goran"]
[Black "Rogulj Branko"]
[Result "1/2-1/2"]
[WhiteElo "2530"]
[BlackElo "2430"]
[PlyCount "65"]
[EventDate "1998.??.??"]
[Source "www.chesslib.no"]
[SourceDate "2004.05.04"]

1. Nf3 Nf6 2. g3 g6 3. b3 Bg7 4. Bb2 c5 5. Bg2 d6 6. d4 cxd4 7. Nxd4 d5 8. c4 dxc4 9. O-O O-O 10. bxc4 Ng4 11. e3 Na6 12. Qe2 Nc5 13. Nc3 Ne5 14. Rfd1 Bg4 15. f3 Bd7 16. Nb3 Rc8 17. f4 Ng4 18. Nxc5 Rxc5 19. Bxb7 h5 20. Bf3 Qc8 21. Nd5 Re8 22. Bxg7 Kxg7 23. Rac1 Be6 24. Qd2 Nf6 25. e4 Rxc4 26. Rxc4 Qxc4 27. Rc1 Qa6 28. Nc7 Qb6+ 29. Qf2 Rd8 30. Qxb6 axb6 31. Nxe6+ fxe6 32. Rc6 Rd3 33. e5 1/2-1/2

[Event "Arkadia '95 Open"]
[Site "Arkadia '95 op"]
[Date "1995.??.??"]
[Round "7"]
[White "Nikolaidis, Ioannis"]
[Black "Vlassov, Nikolai"]
[Result "1-0"]
[WhiteElo "2495"]
[BlackElo "2465"]
[PlyCount "115"]
[EventDate "1995.??.??"]
[Source "www.chesslib.no"]
[SourceDate "2004.05.04"]

1. Nf3 Nf6 2. g3 g6 3. Bg2 Bg7 4. O-O c5 5. c4 O-O 6. Nc3 d5 7. cxd5 Nxd5 8. d3 e6 9. Bg5 f6 10. Nxd5 exd5 11. Be3 d4 12. Bd2 a5 13. e3 Ra7 14. exd4 cxd4 15. Nxd4 Ra6 16. Bc3 Rd6 17. Qa4 f5 18. Nb5 Rxd3 19. Rad1 Be6 20. Bxg7 Kxg7 21. Nd4 Rxd4 22. Qxd4+ Qxd4 23. Rxd4 Nc6 24. Bxc6 bxc6 25. Ra4 Rb8 26. b3 Rb5 27. Rc1 Bd5 28. f4 Kf6 29. Kf2 Ke6 30. Ke3 Kd6 31. Kd4 Be4 32. Kc3 Bd5 33. Rd4 Kc7 34. Re1 Be4 35. Re2 Rc5+ 36. Rc4 Rb5 37. a4 Rb8 38. Rc5 Bd5 39. Rb2 h5 40. Rxa5 Kb6 41. b4 h4 42. Rxd5 cxd5 43. Kd4 Re8 44. Kxd5 hxg3 45. hxg3 Re3 46. b5 Ra3 47. Ke5 Rxa4 48. Kf6 Ra3 49. Kxg6 Rxg3+ 50. Kxf5 Rg8 51. Ke6 Re8+ 52. Kf7 Re1 53. f5 Rg1 54. f6 Rf1 55. Kg7 Rg1+ 56. Kf8 Rf1 57. f7 Rf3 58. Re2 1-0

[Event "Vrnjacka Banja"]
[Site "Vrnjacka Banja"]
[Date "1991.??.??"]
[Round "11"]
[White "Simic, Radoslav"]
[Black "Hebden, Mark"]
[Result "1-0"]
[WhiteElo "2485"]
[BlackElo "2475"]
[PlyCount "63"]
[EventDate "1991.04.??"]
[Source "ChessBase"]

1. Nf3 Nf6 2. g3 g6 3. Bg2 Bg7 4. O-O O-O 5. c4 Nc6 6. Nc3 e5 7. d4 e4 8. Ng5 h6 9. Ngxe4 Nxe4 10. Nxe4 Nxd4 11. Nc3 d6 12. Be3 Nf5 13. Bd2 Re8 14. e3 a6 15. Qc2 Rb8 16. a4 a5 17. Nd5 c6 18. Nf4 Qb6 19. Rab1 h5 20. b3 Bd7 21. Kh1 Rbd8 22. Bc3 h4 23. g4 Nh6 24. Bxg7 Kxg7 25. Qc3+ Kg8 26. h3 Re5 27. Rbd1 Be8 28. Rxd6 Rxd6 29. Qxe5 Qd8 30. c5 Rd2 31. Be4 Kh7 32. Nh5 1-0

[Event "HUN Ch"]
[Site "Budapest HUN"]
[Date "1979.??.??"]
[Round "5"]
[White "Farago, Ivan"]
[Black "Pinter, Jozsef"]
[Result "1/2-1/2"]
[WhiteElo "2510"]
[BlackElo "2445"]
[PlyCount "43"]
[EventDate "1979.11.??"]
[Source "www.chesslib.no"]
[SourceDate "2004.05.04"]

1. Nf3 Nf6 2. g3 g6 3. b3 Bg7 4. Bb2 O-O 5. Bg2 b6 6. O-O Bb7 7. d3 c5 8. Nbd2 d5 9. Ne5 Nbd7 10. e3 Nxe5 11. Bxe5 Ne8 12. Bxg7 Nxg7 13. c4 Qd7 14. Qe2 dxc4 15. Bxb7 Qxb7 16. dxc4 Rad8 17. Rad1 Rd6 18. Nf3 Rfd8 19. Rxd6 Rxd6 20. Rd1 Qd7 21. Rxd6 Qxd6 22. Qd2 1/2-1/2

[Event "Tel Aviv"]
[Site "Tel Aviv"]
[Date "1992.??.??"]
[Round "7"]
[White "Davies, Nigel R"]
[Black "Fishbein, Alexander"]
[Result "1/2-1/2"]
[WhiteElo "2460"]
[BlackElo "2495"]
[PlyCount "74"]
[EventDate "1992.04.??"]
[Source "ChessBase"]

1. Nf3 Nf6 2. g3 g6 3. b4 Bg7 4. Bb2 O-O 5. d3 c6 6. Nbd2 a5 7. bxa5 Qxa5 8. Bg2 Qb6 9. Nc4 Qc7 10. O-O d5 11. Ncd2 Nbd7 12. c4 e6 13. Qc2 Re8 14. Rfc1 Qd8 15. a4 Nh5 16. Bxg7 Nxg7 17. Nb3 dxc4 18. Qxc4 Nb6 19. Qb4 Nd5 20. Qd2 e5 21. Qb2 f6 22. Nfd2 Ne6 23. Ne4 Qe7 24. a5 Ndc7 25. Nec5 Na6 26. Na4 Rb8 27. e3 Rd8 28. Rd1 Nec7 29. Rac1 Qb4 30. Nbc5 Qxb2 31. Nxb2 Nxc5 32. Rxc5 Be6 33. Ra1 Ra8 34. Kf1 Bd5 35. Bxd5+ Rxd5 36. Rxd5 cxd5 37. e4 dxe4 1/2-1/2

[Event "Douai op"]
[Site "?"]
[Date "1993.??.??"]
[Round "?"]
[White "McDonald Neil R"]
[Black "Lanka Zigurds"]
[Result "0-1"]
[WhiteElo "2410"]
[BlackElo "2545"]
[PlyCount "92"]
[EventDate "1993.??.??"]
[Source "www.chesslib.no"]
[SourceDate "2004.05.04"]

1. Nf3 Nf6 2. g3 g6 3. Bg2 Bg7 4. c4 d6 5. O-O Nc6 6. Nc3 a6 7. d3 Bd7 8. Rb1 Qc8 9. Re1 Nh5 10. Nd5 e6 11. Ne3 f5 12. b4 f4 13. Nc2 e5 14. a4 Bh3 15. b5 axb5 16. axb5 Bxg2 17. Kxg2 Ne7 18. c5 d5 19. c6 bxc6 20. Ba3 fxg3 21. hxg3 Rxa3 22. Nxa3 O-O 23. Nh2 cxb5 24. Rxb5 c6 25. Rb4 Nf5 26. Nc2 c5 27. Ra4 Qc6 28. Qa1 c4 29. Ra6 Qc5 30. d4 exd4 31. Qa3 Qc8 32. Kg1 Qd8 33. Nf1 Qg5 34. Ra8 Nf4 35. Rxf8+ Bxf8 36. Qf3 d3 37. exd3 cxd3 38. Nce3 Nd4 39. Qd1 Bb4 40. Nh2 Bxe1 41. Qxe1 Nfe2+ 42. Kg2 Nc2 43. Nxc2 dxc2 44. Qxe2 c1=Q 45. Qe8+ Kg7 46. Qd7+ Kf8 0-1

[Event "FRA-ch"]
[Site "Meribel"]
[Date "1998.08.18"]
[Round "5"]
[White "Anic, Darko"]
[Black "Kouatly, Bachar"]
[Result "1/2-1/2"]
[WhiteElo "2460"]
[BlackElo "2495"]
[PlyCount "97"]
[EventDate "1998.08.14"]
[Source "ChessBase"]
[SourceDate "1998.11.30"]

1. Nf3 Nf6 2. g3 g6 3. b3 d5 4. Bb2 Bg7 5. c4 e6 6. Bg2 O-O 7. O-O c5 8. cxd5 exd5 9. d4 Ne4 10. Qc1 Qf6 11. Nc3 Nc6 12. Nxd5 Qd6 13. Nf4 cxd4 14. Rd1 Bf5 15. Nh4 Qf6 16. Nxf5 Qxf5 17. Qc2 Nxg3 18. Qxf5 Nxf5 19. Be4 Rfe8 20. Bxf5 gxf5 21. Kf1 Be5 22. Nd3 Bxh2 23. Nc5 Re7 24. Rac1 Rae8 25. Rc2 Be5 26. Ba3 Bd6 27. b4 Bxc5 28. Rxc5 a6 29. Rxf5 Rxe2 30. b5 axb5 31. Rxb5 Rxa2 32. Rd3 Ra1+ 33. Kg2 Ree1 34. Bb2 Rg1+ 35. Kf3 Rab1 36. Kf4 Rg2 37. Rd2 Nd8 38. Kf3 Rg6 39. Rxd4 Rf6+ 40. Ke2 Re6+ 41. Kd2 Nc6 42. Rg4+ Rg6 43. Rxg6+ fxg6 44. Rxb7 h5 45. Ke2 h4 46. Rg7+ Kf8 47. Bf6 h3 48. Rh7 Rb3 49. f3 1/2-1/2

[Event "Guayaquil 81/1"]
[Site "?"]
[Date "2001.??.??"]
[Round "?"]
[White "Pazos Gambarrotti, P."]
[Black "Becerra Rivero, J."]
[Result "0-1"]
[WhiteElo "2421"]
[BlackElo "2534"]
[PlyCount "105"]
[EventDate "2001.??.??"]
[Source "Chess Informant"]
[SourceDate "2001.02.01"]

1. Nf3 Nf6 2. g3 g6 3. b3 Bg7 4. Bb2 b5 5. e4 c6 6. Bg2 O-O 7. e5 Nd5 8. O-O a5 9. d3 b4 10. a3 Na6 11. Nbd2 Bb7 12. Nc4 Nac7 13. Nfd2 Nb5 14. Ne4 Qc7 15. Nc5 Rfb8 16. Nxb7 Qxb7 17. Qe1 Qc7 18. f4 bxa3 19. Nxa3 Qa7+ 20. Qf2 Ne3 21. Nxb5 Rxb5 22. Rfc1 f6 23. d4 Nxg2 24. Kxg2 Qb7 25. exf6 Bxf6 26. Ra4 c5+ 27. Qf3 d5 28. Bc3 Rc8 29. Bxa5 cxd4 30. Bd2 Rbc5 31. Qd3 Kf7 32. Ra5 R5c6 33. Kg1 Qc7 34. Ra2 Qd7 35. Ra6 R6c7 36. Ba5 Rc5 37. Bb4 Rb5 38. Bd2 Rb7 39. Ra5 Rbc7 40. Ra2 h5 41. Ba5 Rc6 42. Re1 h4 43. Re2 Qg4 44. Be1 hxg3 45. hxg3 Rc3 46. Qd1 Re3 47. c4 Rh8 48. Rad2 Qe6 49. Rxe3 Qxe3+ 50. Bf2 Qe4 51. Kf1 Rh1+ 52. Bg1 Qe3 53. Rf2 0-1

[Event "Constantin Ungureanu Mem"]
[Site "Bucharest"]
[Date "2004.04.25"]
[Round "11"]
[White "Badea, Bela"]
[Black "Shishkin, Vadim"]
[Result "1/2-1/2"]
[WhiteElo "2509"]
[BlackElo "2443"]
[PlyCount "41"]
[EventDate "2004.04.15"]
[Source "Roberto Alvarez"]
[SourceDate "2004.05.10"]

1. Nf3 Nf6 2. g3 g6 3. b3 Bg7 4. Bb2 O-O 5. Bg2 d5 6. c4 c5 7. cxd5 Nxd5 8. Bxg7 Kxg7 9. O-O Nc6 10. Qc1 b6 11. Qb2+ f6 12. d4 cxd4 13. Nxd4 Nxd4 14. Qxd4 Bb7 15. Rd1 e6 16. Nc3 Nxc3 17. Qxc3 Qe7 18. Bxb7 Qxb7 19. Rd6 e5 20. Rad1 Rf7 21. Qc6 1/2-1/2

[Event "URS Ch sf"]
[Site "Minsk BLR"]
[Date "1983.??.??"]
[Round "?"]
[White "Vyzmanavin, Alexey B"]
[Black "Gavrikov, Viktor N"]
[Result "1/2-1/2"]
[WhiteElo "2480"]
[BlackElo "2470"]
[PlyCount "60"]
[EventDate "1983.09.??"]
[Source "www.chesslib.no"]
[SourceDate "2004.05.04"]

1. Nf3 Nf6 2. g3 g6 3. b4 d6 4. Bb2 e5 5. Bg2 Bg7 6. O-O O-O 7. c4 Re8 8. Nc3 e4 9. Nd4 c5 10. bxc5 dxc5 11. Nb3 Na6 12. d4 cxd4 13. Nxd4 Qe7 14. Ndb5 Nc5 15. Nd5 Nxd5 16. Bxg7 Kxg7 17. cxd5 Qe5 18. Qc2 b6 19. d6 Rb8 20. Nxa7 Qxd6 21. Qb2+ Qf6 22. Qxf6+ Kxf6 23. Nb5 Bd7 24. Nc3 Bc6 25. Rfd1 Red8 26. f3 exf3 27. Bxf3 Bxf3 28. exf3 Kg7 29. Rxd8 Rxd8 30. Rd1 Rxd1+ 1/2-1/2

[Event "It (open)"]
[Site "Biel (Switzerland)"]
[Date "2007.07.25"]
[Round "3"]
[White "Klenburg Mikhail (UKR)"]
[Black "Al-Modiahki Mohamad (QAT)"]
[Result "0-1"]
[WhiteElo "2387"]
[BlackElo "2563"]
[PlyCount "78"]
[EventDate "2007.??.??"]
[Source "www.chesslib.no"]
[SourceDate "2004.05.04"]

1. Nf3 Nf6 2. g3 g6 3. Bg2 Bg7 4. O-O O-O 5. c4 d6 6. Nc3 a6 7. d3 c6 8. Bd2 b5 9. a3 Bb7 10. Qc1 bxc4 11. dxc4 c5 12. Bh6 Nc6 13. Bxg7 Kxg7 14. Nd5 e6 15. Nxf6 Qxf6 16. Rd1 Rfd8 17. Ng5 Rab8 18. Rb1 Nd4 19. Re1 Nb3 20. Qe3 Qd4 21. Bxb7 Qxe3 22. fxe3 Rxb7 23. Nf3 a5 24. Red1 a4 25. Nd2 Na5 26. Rdc1 Rdb8 27. Rc2 Kf6 28. Kf2 Ke7 29. Kf3 h5 30. Kf2 f5 31. h4 e5 32. e4 Nb3 33. Nf1 Nd4 34. Rd2 fxe4 35. Ne3 Rb3 36. Nd5+ Ke6 37. e3 Nf5 38. Nc7+ Kd7 39. Nb5 Rxe3 0-1

[Event "Katowice Open"]
[Site "Katowice POL"]
[Date "1991.??.??"]
[Round "7"]
[White "Balashov, Yuri S"]
[Black "Zhelnin, Vladimir V"]
[Result "1-0"]
[WhiteElo "2580"]
[BlackElo "2365"]
[PlyCount "79"]
[EventDate "1991.??.??"]
[Source "www.chesslib.no"]
[SourceDate "2004.05.04"]

1. Nf3 Nf6 2. g3 g6 3. Bg2 Bg7 4. O-O O-O 5. d3 d6 6. e4 e5 7. Nbd2 Nbd7 8. c3 a5 9. a4 Re8 10. Re1 b6 11. Qc2 Bb7 12. Nc4 Nc5 13. Be3 Nfd7 14. Nfd2 Ne6 15. Nb3 Ndc5 16. Nxc5 bxc5 17. Rad1 Bc6 18. f4 exf4 19. gxf4 Qh4 20. Rf1 Bh6 21. Qf2 Qxf2+ 22. Rxf2 Bxa4 23. Ra1 Bb5 24. f5 Bxe3 25. Nxe3 Ng7 26. Nd5 Reb8 27. fxg6 hxg6 28. c4 Be8 29. Nf6+ Kh8 30. Nxe8 Rxe8 31. Rxf7 Ne6 32. e5 Rab8 33. exd6 cxd6 34. Rf2 Rb3 35. Re1 Kg7 36. Rfe2 a4 37. Bc6 Reb8 38. Rxe6 Rxb2 39. Bxa4 Rd2 40. Rxd6 1-0